El helicóptero rojo y otros cuentos

Guardat en:
Dades bibliogràfiques
Autor principal: Franke García, Luis Alberto (Autor)
Format: Llibre
Idioma:espanyol
Publicat: Viña del Mar s.n 2001
Matèries:
Etiquetes: Afegir etiqueta
Sense etiquetes, Sigues el primer a etiquetar aquest registre!

MARC

LEADER 00000nam a2200000 a 4500
001 UCN6732
003 CL-VaPUC
008 011005e20010500cl |||||||||||||||||spa|d
082 0 4 |a Ch863  |b FRA  |2 21 
100 0 |a Franke García, Luis Alberto  |e author  |9 462515 
245 1 3 |a El helicóptero rojo y otros cuentos 
300 |a 95 p 
942 |c BK 
945 |d 20011005 00:00:00  |a cmena 
260 |a Viña del Mar  |b s.n  |c 2001 
650 0 |a Cuentos chilenos   |9 308280 
650 0 |a Literatura chilena   |9 308278 
583 |a last modification  |c 20180108 06:34:43  |k Rodrigo Vera 
999 |c 297415  |d 297413 
952 |0 0  |1 0  |4 0  |6 CH_863_000000000000000_FRA_2001  |7 0  |8 A  |9 352130  |a BIBARQ  |b BIBARQ  |d 2019-11-21  |i 3758753  |o Ch863 FRA 2001  |p 3758753  |r 2025-01-20  |w 2019-11-21  |y BK  |k ARQ